| 000 | 00330nam a22001337a 4500 | ||
|---|---|---|---|
| 020 | _a9382579133 | ||
| 082 | _a741.5 SEN V1 | ||
| 100 |
_aSen, Orjit _aVidyun Sabhaney |
||
| 245 | _aFirst Hand: Graphic Non Fiction from India | ||
| 260 |
_aNew Delhi _bArpita Das, for Yoda Press |
||
| 300 | _a368 | ||
| 650 | _aComics | ||
| 942 | _cBK | ||
| 999 |
_c20291 _d20291 |
||